Geography Quiz

Random Geography or Flags Quiz

Retired World Flags Quiz Stats

 Plays Quiz Updated Sep 14, 2012

Challenge
Share
Tweet
Score 0/20 Timer 07:00
1 Play Today
Number Country % Correct
4USA
87.1%
12Rwanda
74.6%
19China
73.5%
17Lebanon
69%
11Libya
60.9%
5Thailand
56.6%
3Brazil
56.6%
13South Africa
53.6%
2Spain
48.6%
8Serbia
47.7%
Number Country % Correct
16Myanmar
42%
14Laos
40.8%
18Haiti
34.9%
15Cameroon
33.2%
1Mozambique
33.1%
20Argentina
32.4%
9Lesotho
28.3%
6Georgia
24.5%
7Seychelles
20.2%
10Germany
18.9%

You're not logged in!

Compare scores with friends on all Sporcle quizzes.
OR
Log In

You Might Also Like...

Show Comments

Extras

Top Quizzes Today


Score Distribution

Your Account Isn't Verified!

In order to create a playlist on Sporcle, you need to verify the email address you used during registration. Go to your Sporcle Settings to finish the process.

Report this User

Report this user for behavior that violates our Community Guidelines.

Details: